Country to Currency - Statistics

General Stats
  • This quiz has been taken 24 times
    19 since last reset
  • The average score is 22 of 39
Answer Stats
Country Currency % Correct
12) Germany, Spain, and 20 others Euro
100%
1) England, Scotland Pound Sterling
100%
3) Japan Yen
100%
2) Mexico, Argentina Peso
94%
5) Switzerland, Liechtenstein Franc
83%
20) India, Bhutan, Nepal Rupee
83%
17) Denmark, Norway Krone
78%
6) Turkey, (formerly Italy) Lira
78%
13) Russia, Belarus Ruble
78%
7) Kuwait, Bahrain Dinar
72%
16) Sweden Krona
67%
8) Iran, Oman, Yemen Rial
67%
4) China Yuan
67%
11) Poland Złoty
67%
22) Hungary Forint
61%
14) Bulgaria Lev
61%
9) South Africa Rand
61%
10) Brazil Real
61%
40) South Korea Won
61%
19) Thailand Baht
56%
18) Albania Lek
56%
34) Qatar, Saudi Arabia Riyal
56%
28) Indonesia Rupiah
56%
35) Vietnam Dong
50%
15) Czech Rep, Koruna
50%
21) Romania, Moldova Leu
50%
31) Israel Shekel
50%
30) Cambodia Riel
44%
29) Malaysia Ringgit
44%
36) UAE Dirham
39%
27) Ukraine Hryvnia
39%
32) Kyrgyzstan Som
39%
25) Kazakhstan Tenge
33%
23) Georgia Lari
28%
24) Azerbaijan Manat
28%
38) Mongolia Togrog
28%
33) Laos Kip
22%
39) Myanmar Kyat
22%
37) Maldives Rufiyaa
17%
No matching quizzes found
Score Distribution
Percent of People with Each Score
Percentile by Number Answered
Your Score History
You have not taken this quiz since the last reset